Cours élémentaire de paléontologie et de géologie stratigraphiques / (Record no. 161035)

MARC details
000 -LEADER
campo de control de longitud fija 00723nam a2200181 4500
001 - NÚMERO DE CONTROL
campo de control 161035
003 - IDENTIFICADOR DE NÚMERO DE CONTROL
campo de control ES-MaACL
005 - FECHA Y HORA DE LA ÚLTIMA TRANSACCIÓN
campo de control 20230906212200.0
008 - DATOS DE LONGITUD FIJA--INFORMACIÓN GENERAL
campo de control de longitud fija 950502m18491852fr ad |||| | fre d
040 ## - FUENTE DE CATALOGACIÓN
Centro catalogador/agencia de origen EUS
Lengua de catalogación spa
Centro/agencia transcriptor EUS
100 1# - ENTRADA PRINCIPAL--NOMBRE DE PERSONA
Nombre de persona Orbigny, Alcide Dessalines d'.
9 (RLIN) 130664
245 10 - MENCIÓN DEL TÍTULO
Título Cours élémentaire de paléontologie et de géologie stratigraphiques /
Mención de responsabilidad, etc. par Alcide d'Orbigny.
260 ## - PUBLICACIÓN, DISTRIBUCIÓN, ETC.
Lugar de publicación, distribución, etc. Paris :
Nombre del editor, distribuidor, etc. Victor Masson,
Fecha de publicación, distribución, etc. 1849-1852 (
Lugar de fabricación/manufactura Corbeil :
Fabricante Typogr. et stér. de Crété)
300 ## - DESCRIPCIÓN FÍSICA
Extensión 3 v. y atlas ;
Dimensiones 29 cm.
590 #1 - NOTA LOCAL (RLIN)
Nota local Descripción basada en Brunet, 4792.
597 #1 - NOTA DE DESCRIPCIÓN FÍSICA
NOTA DE DESCRIPCIÓN FÍSICA 17 h. : todas tablas.
852 ## - LOCALIZACIÓN
Ubicación ES-MaACL
Número de control de estantería B-6964-6966
Nota libre -- Enc. hol.
condición física -- Falta el atlas
Encuadernación -- Edic.: los tomos de texto miden 18 cm
Holdings
Estatus retirado Estado de pérdida Estado de daño No para préstamo Colección Biblioteca de origen Biblioteca actual Ubicación en estantería Fecha de adquisición Fuente de adquisición Total de préstamos Signatura topográfica completa Código de barras Visto por última vez Precio de reemplazo Tipo de ítem Koha
        Libros del s. XIX Biblioteca del Ateneo de Madrid Biblioteca del Ateneo de Madrid Sala Pardo Bazán 17/01/2008     B-6964-6966 1168656 23/02/2023 23/02/2023 Libro impreso antiguo